Music Quiz

Random Music or The Beatles Quiz
Score 0/72 Timer 10:00
0 Plays Today
Hint Answer % Correct
! Exclamation MarkHelp!
89.5%
' Apostrophe Sgt. Pepper's Lonely Hearts Club Band
86.7%
. Full StopSgt. Pepper's Lonely Hearts Club Band
86.7%
' ApostropheCan't Buy Me Love
86.5%
' ApostropheI Want You (She's So Heavy)
83.9%
( ) ParenthesesI Want You (She's So Heavy)
83.9%
. Full StopBeing For The Benefit Of Mr. Kite!
83.9%
! Exclamation MarkBeing For The Benefit Of Mr. Kite!
83.9%
' ApostropheA Hard Day's Night
83.5%
' ApostropheBaby, You're A Rich Man
82.9%
' Apostrophe She's Leaving Home
82.9%
, CommaBaby, You're A Rich Man
82.9%
' Apostrophe You've Got To Hide Your Love Away
82.5%
' ApostropheEverybody's Got Something To Hide Except Me And My Monkey
82.3%
' ApostropheDon't Let Me Down
81.9%
' ApostropheI'm A Loser
81.9%
( ) ParenthesesAnna (Go To Him)
81.9%
' ApostropheEverybody's Trying To Be My Baby
81.1%
. Full StopMean Mr. Mustard
81.1%
' ApostropheDon't Bother Me
80.9%
' Apostrophe You're Going To Lose That Girl
80.9%
' ApostropheDon't Pass Me By
80.7%
( ) ParenthesesNorwegian Wood (This Bird Has Flown)
80.7%
. Full StopBack In The U.S.S.R.
80.5%
! Exclamation MarkOh! Darling
79.9%
' Apostrophe Octopus's Garden
79.7%
' Apostrophe She's A Woman
79.7%
' ApostropheI'll Be Back
79.5%
( ) ParenthesesSgt. Pepper's Lonely Hearts Club Band (Reprise)
79.3%
' Apostrophe Sgt. Pepper's Lonely Hearts Club Band (Reprise)
79.3%
. Full StopSgt. Pepper's Lonely Hearts Club Band (Reprise)
79.3%
, CommaHello, Goodbye
79.1%
' ApostropheI'm Only Sleeping
78.9%
' ApostropheAll I've Got To Do
78.7%
' Apostrophe You Can't Do That
78.7%
' ApostropheBaby's In Black
78.3%
Hint Answer % Correct
' ApostropheI'm Looking Through You
78.3%
. Full StopMr. Moonlight
78.3%
. Full StopP.S. I Love You
78.1%
' Apostrophe I'm So Tired
77.9%
' ApostropheI'll Cry Instead
77.7%
' ApostropheI'm Happy Just To Dance With You
77.7%
' Apostrophe It Won't Be Long
77.3%
' ApostropheBaby It's You
77.1%
, CommaOb-La-Di, Ob-La-Da
76.9%
- HyphenOb-La-Di, Ob-La-Da
76.9%
' Apostrophe Maxwell's Silver Hammer
76.5%
' ApostropheI'll Follow The Sun
76.3%
' Apostrophe Money (That's What I Want)
76.1%
( ) ParenthesesMoney (That's What I Want)
76.1%
' ApostropheI'm Down
75.7%
' Apostrophe It's All Too Much
75.7%
' Apostrophe There's A Place
75.7%
. Full StopPlease Mr. Postman
75.7%
' Apostrophe Why Don't We Do It In The Road
75.5%
( ) ParenthesesYou Know My Name (Look Up The Number)
75.5%
' ApostropheHoney Don't
75.3%
' Apostrophe Mother Nature's Son
75.3%
' Apostrophe You Won't See Me
75.3%
, CommaHere, There And Everywhere
75.3%
, CommaKansas City|Hey, Hey, Hey, Hey!
75.1%
, CommaLong, Long, Long
75.1%
! Exclamation MarkKansas City|Hey, Hey, Hey, Hey!
75.1%
/ SlashKansas City|Hey, Hey, Hey, Hey!
75.1%
' Apostrophe I've Got A Feeling
74.8%
' Apostrophe When I'm Sixty Four
74.4%
' Apostrophe You've Really Got A Hold On Me
74.2%
' ApostropheI Don't Want To Spoil The Party
74%
' Apostrophe What You're Doing
73.8%
' Apostrophe It's Only Love
72.6%
' Apostrophe I've Just Seen A Face
72.4%
' ApostropheI'll Get You
72%
Remove Ads.
Support Sporcle.
Get the best of Sporcle when you Go Orange. This ad-free experience offers more features, more stats, and more fun while also helping to support Sporcle. Thank you for becoming a member.

You're not logged in!

Compare scores with friends on all Sporcle quizzes.
OR
Log In

Show Comments

Extras

Top Quizzes Today


Score Distribution

Your Account Isn't Verified!

In order to create a playlist on Sporcle, you need to verify the email address you used during registration. Go to your Sporcle Settings to finish the process.

Report this User

Report this user for behavior that violates our Community Guidelines.

Details: